Normal view
MARC view
- Holgate, Douglas,
Entry Personal Name
001 - CONTROL NUMBER
- control field: 74200
003 - CONTROL NUMBER IDENTIFIER
- control field: OSt
005 - DATE AND TIME OF LATEST TRANSACTION
- control field: 20200122162220.0
008 - FIXED-LENGTH DATA ELEMENTS
- fixed length control field: 200122|| aca||aabn | a|a d
040 ## - CATALOGING SOURCE
- Original cataloging agency: OSt
- Transcribing agency: OSt
100 ## - HEADING--PERSONAL NAME
- Personal name: Holgate, Douglas,
- Relator term: artist.
670 ## - SOURCE DATA FOUND
- Source citation: Work cat.: (OSt)0: Brallier, Max, author. 74199, The last kids on Earth /, 2015.